[Event "Thursday Knighter VIII: PREMIER"]
[Site "Minneapolis, MN"]
[Date "2018.08.02"]
[Round "1.2"]
[White "Wasserman, Eddie"]
[Black "Zelkind, Eduard"]
[Result "1/2-1/2"]
[WhiteElo "1928"]
[BlackElo "2200"]

1. e4 e5 2. Nf3 Nc6 3. c3 Nf6 4. d4 d5 5. Bb5 Nxe4 6. Nxe5 Bd7 7. Nxd7 Qxd7 8.
O-O Be7 9. Re1 O-O 10. Nd2 Nd6 11. Bd3 Rfe8 12. Qh5 f5 13. Nf3 Bf6 14. Bf4 g6
15. Qh3 Ne4 16. Nd2 Re7 17. Nxe4 fxe4 18. Qxd7 Rxd7 19. Be2 Rf8 20. Be3 Kg7
21. Bd1 Ne7 22. f3 exf3 23. Bxf3 c6 24. Bg4 Nf5 25. Bxf5 gxf5 26. Kf2 f4 27.
Bxf4 Bh4+ 28. g3 Rxf4+ 29. Kg2 Rg4 30. Kh3 h5 31. gxh4 Rf7 32. Rf1 Re7 33.
Rae1 Ree4 34. Rxe4 Rxe4 35. Rf2 Kg6 36. Kg3 Rg4+ 37. Kh3 Re4 {#d} 1/2-1/2

[Event "Thursday Knighter VIII: PREMIER"]
[Site "Minneapolis, MN"]
[Date "2018.08.02"]
[Round "1.3"]
[White "Hoover, Nathan"]
[Black "Boardman, Larry"]
[Result "1/2-1/2"]
[WhiteElo "1979"]
[BlackElo "1909"]

1. e4 c5 2. Nf3 e6 3. d4 cxd4 4. Nxd4 a6 5. c4 Nf6 6. Nc3 Qc7 7. Be2 b6 8. O-O
Bb7 9. Qd3 Be7 10. f4 d6 11. f5 e5 12. Nc2 Nbd7 13. b4 g6 14. Bh6 gxf5 15.
Rxf5 Rg8 16. Raf1 O-O-O 17. Ne3 Rg6 18. Bg5 Rdg8 19. h4 Qd8 20. R5f2 h6 21.
Bxf6 Nxf6 22. h5 Rg3 23. Ncd5 Nxd5 24. cxd5 Bg5 25. Qc4+ Kb8 26. Nf5 Be3 27.
Nxe3 Rxe3 28. Bf3 Qg5 29. Qc1 f5 30. Rc2 fxe4 31. Rc7 exf3 32. Rxb7+ Kxb7 33.
Qc6+ Ka7 34. Qc7+ Ka8 35. Qc6+ Ka7 {#d} 1/2-1/2

[Event "Thursday Knighter VIII: PREMIER"]
[Site "Minneapolis, MN"]
[Date "2018.08.02"]
[Round "1.4"]
[White "Mulligan, Toma"]
[Black "Diaz, Carlos"]
[Result "0-1"]
[WhiteElo "2008"]
[BlackElo "2086"]

1. d4 Nf6 2. c4 c5 3. d5 b5 4. cxb5 a6 5. b6 d6 6. b7 Bxb7 7. Nc3 g6 8. e4 Bg7
9. Bd3 Nbd7 10. f4 Rc8 11. Qe2 Qb6 12. Bd2 O-O 13. b3 e6 14. dxe6 fxe6 15. Nh3
Rce8 16. Nf2 Nd5 17. Rc1 Nxf4 18. Bxf4 Rxf4 19. O-O Bd4 20. Kh1 c4 21. bxc4
Ref8 22. c5 Nxc5 23. Nh3 Rxf1+ {#R} 0-1

[Event "Thursday Knighter VIII: PREMIER"]
[Site "Minneapolis, MN"]
[Date "2018.08.02"]
[Round "1.5"]
[White "Newhall, Peter"]
[Black "Heinisch, Michael"]
[Result "1-0"]
[WhiteElo "1067"]
[BlackElo "1300"]

1. d4 d5 2. Nf3 Nf6 3. e3 e6 4. Bd3 Nbd7 5. O-O b6 6. b3 Ne4 7. Bb2 Bb7 8.
Nbd2 Bd6 9. Ne5 f6 10. Qh5+ g6 11. Nxg6 {#r} 1-0

[Event "Thursday Knighter VIII: OPEN"]
[Site "Minneapolis, MN"]
[Date "2018.08.02"]
[Round "1.4"]
[White "Kroells, Ty"]
[Black "Landman, Kevin"]
[Result "1/2-1/2"]
[WhiteElo "1924"]
[BlackElo "1506"]

1. e4 c5 2. Nc3 Nc6 3. g3 g6 4. Bg2 Bg7 5. Nge2 e6 6. f4 Nge7 7. O-O O-O 8. d3
d6 9. Be3 Nd4 10. Bxd4 cxd4 11. Nb1 Qc7 12. Nd2 Bd7 13. Nf3 e5 14. Qd2 Rac8
15. Rac1 Qb6 16. Rb1 Rc7 17. Kh1 Rfc8 18. Rfc1 Rc5 19. fxe5 dxe5 20. c3 dxc3
21. bxc3 Qc7 22. c4 f5 23. Nfg1 Bc6 24. Qb4 b6 25. Nc3 fxe4 26. Bxe4 Bxe4+ 27.
Nxe4 Ra5 28. Rc2 Nc6 29. Qd6 Qxd6 30. Nxd6 Rf8 31. Ne4 Nd4 32. Rcb2 Ra3 33.
Rd1 Bh6 34. Kg2 Kg7 35. g4 Bf4 36. h3 Rd8 37. Nf2 Rf8 38. Ne4 Rd8 39. Nf2 Rc3
40. Ne2 Nxe2 41. Rxe2 Rd4 42. Kf3 Rdxc4 43. Re4 Rxe4 44. Kxe4 Rc2 45. Rf1 Rxa2
46. d4 Re2+ 47. Kf3 Re3+ 48. Kg2 Rg3+ 49. Kh1 Rb3 50. dxe5 Bxe5 51. Rd1 Rf3
52. Kg2 Rf7 53. Ne4 a5 54. Rd5 Bb2 55. Rb5 Bd4 56. Nd6 Rf2+ 57. Kg3 Rb2 58.
Rd5 Bc5 59. Ne4 a4 60. Nxc5 bxc5 61. Rxc5 a3 62. Ra5 a2 63. Ra6 Kh6 64. h4
Rb3+ 65. Kg2 Rb2+ 66. Kg3 Rb3+ 67. Kg2 Rb4 68. Kg3 Rb3+ {#d} 1/2-1/2

[Event "Exerciser Quad 9: SECTION 1 (2005)"]
[Site "Minneapolis, MN"]
[Date "2018.08.04"]
[Round "1.1"]
[White "Hoover, Nathan"]
[Black "Voje, Daniel"]
[Result "1-0"]
[WhiteElo "2153"]
[BlackElo "1956"]

1. d4 f5 2. h3 Nf6 3. g4 fxg4 4. hxg4 d5 5. g5 Ne4 6. Nf3 g6 7. Bf4 Nd7 8. Qd3
Bg7 9. Nc3 Nxc3 10. Qxc3 c6 11. e3 O-O 12. Qb3 e5 13. dxe5 Nc5 14. Qa3 Ne6 15.
Rh4 b5 16. Be2 Qb6 17. Bg3 Nc5 18. Qb4 Ne4 19. Bf4 c5 20. Qxb5 Qxb5 21. Bxb5
Rb8 22. Bc6 Be6 23. c4 Rxb2 24. cxd5 Bc8 25. d6 Be6 26. Bxe4 Rfb8 27. Kf1 Bxa2
28. Rxa2 Rxa2 29. Bd5+ {#r} 1-0

[Event "Exerciser Quad 9: SECTION 1 (2005)"]
[Site "Minneapolis, MN"]
[Date "2018.08.04"]
[Round "2.1"]
[White "Wasserman, Eddie"]
[Black "Hoover, Nathan"]
[Result "0-1"]
[WhiteElo "1929"]
[BlackElo "2153"]

1. d4 Nf6 2. c4 g6 3. f3 d5 4. cxd5 Nxd5 5. e4 Nb6 6. Nc3 Bg7 7. Be3 O-O 8.
Qd2 Nc6 9. O-O-O e5 10. d5 Nd4 11. Bh6 c5 12. h4 f5 13. h5 f4 14. hxg6 hxg6
15. Nge2 Bxh6 16. Rxh6 Kg7 17. Rh1 Nc4 18. Qd3 Ne3 19. Rd2 Bd7 20. Nxd4 cxd4
21. Nd1 Rc8+ 22. Kb1 Qc7 23. a3 Qc1+ 24. Ka2 Nc2 25. Kb3 a5 {#R} 0-1

[Event "Exerciser Quad 9: SECTION 1 (2005)"]
[Site "Minneapolis, MN"]
[Date "2018.08.04"]
[Round "2.2"]
[White "Voje, Daniel"]
[Black "Murray, William"]
[Result "0-1"]
[WhiteElo "1956"]
[BlackElo "1982"]

1. e4 d6 2. d4 Nf6 3. Bd3 Nc6 4. c3 e5 5. d5 Ne7 6. Ne2 g6 7. Ng3 Bg7 8. h4 h5
9. Bg5 c6 10. dxc6 bxc6 11. Nd2 Rb8 12. Nc4 Be6 13. Qe2 Nh7 14. Be3 Qc7 15.
O-O-O O-O 16. Rd2 d5 17. exd5 cxd5 18. Na3 d4 19. Bg5 f6 20. Bf4 Bg4 21. f3
exf4 22. fxg4 fxg3 23. Bc4+ Kh8 24. Rxd4 Nc6 25. Re4 Ne5 26. gxh5 gxh5 27.
Qxh5 Qa5 28. Qe2 Nxc4 29. Rxc4 Bh6+ 30. Kc2 Qf5+ 31. Re4 Rfe8 32. Re1 Nf8 33.
Kb1 Rbd8 34. Nc2 Rxe4 35. Qxe4 Rd1+ {#R} 0-1

[Event "Exerciser Quad 9: SECTION 1 (2005)"]
[Site "Minneapolis, MN"]
[Date "2018.08.04"]
[Round "3.1"]
[White "Hoover, Nathan"]
[Black "Murray, William"]
[Result "0-1"]
[WhiteElo "2153"]
[BlackElo "1982"]

1. e4 d6 2. d4 Nf6 3. Nc3 e5 4. Nf3 exd4 5. Nxd4 Be7 6. Be2 O-O 7. O-O c5 8.
Nb3 Nc6 9. Be3 Be6 10. f4 Bxb3 11. axb3 a6 12. Bf3 Re8 13. Qd2 Bf8 14. g4 Qc8
15. Qg2 Nd4 16. g5 Nxf3+ 17. Qxf3 Nxe4 18. Nxe4 Qe6 19. Nxc5 dxc5 20. Rae1 Qf5
21. Rf2 c4 22. bxc4 Bc5 23. Rfe2 Rxe3 24. Rxe3 Qxc2 25. Kh1 Bxe3 26. Qxe3 g6
27. Qd4 Qf5 28. Re7 Qh3 29. Qd1 h6 30. gxh6 Qxh6 31. Qd2 Qh3 32. Kg1 Qh4 33.
Re5 Rd8 34. Rd5 Re8 35. Re5 Qg4+ 36. Kf2 Rxe5 37. fxe5 Qf5+ 38. Kg2 Qxe5 39.
b3 Qe4+ 40. Kf2 Qf5+ 41. Kg2 g5 42. Qd8+ Kg7 43. Qd4+ f6 44. h3 Qc2+ 45. Kg1
Qb1+ 46. Kg2 Qxb3 47. Qd7+ Kh6 48. Qf7 Qb2+ 49. Kg3 Qe5+ 50. Kg2 Qe4+ 51. Kg3
Qg6 52. Qd5 Qg7 53. c5 Qc7+ 54. Qd6 Qf7 55. Qb6 Qe7 56. Kf3 Kg7 57. h4 gxh4
58. c6 bxc6 59. Qxc6 Qa3+ 60. Ke2 Qb2+ 61. Ke1 Qb1+ 62. Kf2 Qf5+ 63. Ke1 Qe5+
64. Kf2 Qf5+ 65. Ke1 h3 66. Qb7+ Kg6 67. Qxa6 Qe5+ 68. Kd1 h2 69. Qa8 h1=Q+
{#R} 0-1

[Event "Exerciser Quad 9: SECTION 1 (2005)"]
[Site "Minneapolis, MN"]
[Date "2018.08.04"]
[Round "3.2"]
[White "Wasserman, Eddie"]
[Black "Voje, Daniel"]
[Result "0-1"]
[WhiteElo "1929"]
[BlackElo "1956"]

1. e4 c6 2. d4 d5 3. e5 Bf5 4. h4 Qc8 5. Be2 Nh6 6. Bxh6 gxh6 7. g4 Be6 8. f4
Rg8 9. f5 Bd7 10. h5 e6 11. f6 c5 12. c3 Nc6 13. Bd3 cxd4 14. cxd4 Nxd4 15.
Bxh7 Bb4+ 16. Nd2 Rg5 17. Ngf3 Nxf3+ 18. Qxf3 Qc4 19. a3 Rxe5+ 20. Kd1 Ba4+
21. b3 Qd4 22. Ra2 Re3 {#R} 0-1

[Event "Exerciser Quad 9: SECTION 2 (1830)"]
[Site "Minneapolis, MN"]
[Date "2018.08.04"]
[Round "1.1"]
[White "Deutsch, Daniel"]
[Black "Boardman, Larry"]
[Result "0-1"]
[WhiteElo "1734"]
[BlackElo "1909"]

1. d4 d5 2. Bf4 Nf6 3. e3 c5 4. c3 Nc6 5. Bd3 e6 6. Nf3 Bd6 7. Bg3 O-O 8. O-O
b6 9. Nbd2 Bxg3 10. hxg3 Qc7 11. dxc5 bxc5 12. e4 Bb7 13. Re1 c4 14. Bb1 dxe4
15. Nxe4 Ne7 16. Nxf6+ gxf6 17. Qd4 Kg7 18. Qg4+ Ng6 19. Nd4 Bd5 20. Qh5 Qb7
21. Re2 Rh8 22. f4 Rad8 23. Kh2 Rd6 24. Bf5 Rb6 25. Rb1 a5 26. b3 cxb3 27.
axb3 Bxb3 28. Reb2 a4 29. Bc2 Rc8 30. Nxb3 axb3 31. Rxb3 Rxb3 32. Rxb3 Qa6 33.
f5 exf5 34. Qxf5 Re8 35. Qd3 Qa8 36. c4 Rd8 37. Qf5 Re8 38. Qd3 Qc6 39. Rc3
Re5 40. Bd1 Qc5 41. Rb3 Re1 {#R} 0-1

[Event "Exerciser Quad 9: SECTION 2 (1830)"]
[Site "Minneapolis, MN"]
[Date "2018.08.04"]
[Round "1.2"]
[White "Olofinboba, Tunde"]
[Black "Gisselquist, Peter"]
[Result "1-0"]
[WhiteElo "1815"]
[BlackElo "1862"]

1. d4 d5 2. c4 Nc6 3. Nf3 Bg4 4. e3 e6 5. Nc3 Nf6 6. h3 Bf5 7. Bd3 Ne4 8. Bxe4
Bxe4 9. Nxe4 dxe4 10. Nd2 Qg5 11. O-O Qg6 12. Qa4 Qf5 13. Qc2 Be7 14. Qxe4
Qxe4 15. Nxe4 f5 16. Nc3 O-O-O 17. b3 g5 18. d5 exd5 19. Nxd5 Bd6 20. Bb2 Be5
21. Bxe5 Nxe5 22. Ne7+ Kd7 23. Nxf5 Ke6 24. Nd4+ Ke7 25. Rad1 h5 26. f4 Nf7
27. f5 Nd6 28. Ne6 Rd7 29. Nxg5 Kf6 30. Ne4+ Ke7 31. f6+ {#r} 1-0

[Event "Exerciser Quad 9: SECTION 2 (1830)"]
[Site "Minneapolis, MN"]
[Date "2018.08.04"]
[Round "2.1"]
[White "Boardman, Larry"]
[Black "Olofinboba, Tunde"]
[Result "0-1"]
[WhiteElo "1909"]
[BlackElo "1815"]

1. e4 e6 2. d4 d5 3. exd5 exd5 4. Nf3 Nf6 5. Bg5 Be7 6. Bd3 Bg4 7. h3 Bxf3 8.
Qxf3 O-O 9. O-O Nbd7 10. Re1 h6 11. Bh4 Re8 12. Nd2 c6 13. Re3 Bd6 14. Rae1
Rxe3 15. Rxe3 Qb6 16. Nb3 a5 17. a4 Qb4 18. g4 Qxa4 19. g5 hxg5 20. Bxg5 Qb4
21. Qg2 a4 22. Bh6 Bf8 23. Rg3 Qe1+ 24. Kh2 Nh5 25. Re3 Bd6+ 26. f4 Qxe3 {#R}
0-1

[Event "Exerciser Quad 9: SECTION 2 (1830)"]
[Site "Minneapolis, MN"]
[Date "2018.08.04"]
[Round "2.2"]
[White "Gisselquist, Peter"]
[Black "Deutsch, Daniel"]
[Result "1-0"]
[WhiteElo "1862"]
[BlackElo "1734"]

1. e4 d6 2. d4 Nf6 3. Nc3 Nbd7 4. Nf3 e5 5. Bc4 h6 6. O-O Be7 7. b3 c6 8. Bb2
Qc7 9. Bd3 Nf8 10. Ne2 Ng6 11. c4 O-O 12. c5 dxc5 13. dxe5 Ng4 14. Bc2 N4xe5
15. Nxe5 Nxe5 16. h3 Bf6 17. f4 Rd8 18. Qb1 Nd7 19. e5 Be7 20. e6 fxe6 21.
Bh7+ Kh8 22. Bxg7+ Kxg7 23. Qg6+ {#r} 1-0

[Event "Exerciser Quad 9: SECTION 2 (1830)"]
[Site "Minneapolis, MN"]
[Date "2018.08.04"]
[Round "3.1"]
[White "Olofinboba, Tunde"]
[Black "Deutsch, Daniel"]
[Result "1-0"]
[WhiteElo "1815"]
[BlackElo "1734"]

1. d4 f5 2. g3 e6 3. Bg2 Nf6 4. Nf3 Be7 5. c4 d6 6. O-O O-O 7. Nc3 Qe8 8. Qc2
Qh5 9. e4 fxe4 10. Nxe4 Ng4 11. h3 Nh6 12. Nfg5 Nf7 13. g4 Qg6 14. Nxf7 Rxf7
15. Qe2 Nd7 16. Ng3 Nf6 17. g5 Ne8 18. Be4 Rf5 19. Bxf5 exf5 20. Qxe7 f4 21.
Bxf4 Bxh3 22. Rfe1 Qd3 23. Qe3 Qxc4 24. Qb3 {#r} 1-0

[Event "Exerciser Quad 9: SECTION 2 (1830)"]
[Site "Minneapolis, MN"]
[Date "2018.08.04"]
[Round "3.2"]
[White "Boardman, Larry"]
[Black "Gisselquist, Peter"]
[Result "1/2-1/2"]
[WhiteElo "1909"]
[BlackElo "1862"]

1. e4 e5 2. Bc4 Nf6 3. d3 c6 4. Nf3 Bd6 5. O-O h6 6. Re1 Bc7 7. c3 O-O 8. Nbd2
d5 9. Bb3 Re8 10. h3 Nbd7 11. Qe2 Nc5 12. Bc2 b6 13. b4 dxe4 14. bxc5 exf3 15.
Qxf3 Nd5 16. Bb2 Nf4 17. cxb6 Bxb6 18. d4 Nxh3+ 19. gxh3 Qg5+ 20. Kh1 Qxd2 21.
Re2 Qg5 22. Bb3 Qf5 23. Qxf5 Bxf5 24. Rae1 Bxh3 25. Rxe5 Bd7 26. Ba3 Rxe5 27.
Rxe5 Re8 28. Rxe8+ Bxe8 29. Kg2 g5 30. Kf3 Kg7 31. Bc2 f6 32. Bd6 Bg6 33. Bb3
Bf5 34. Ba4 Be6 35. Bxc6 Bxa2 36. d5 Bd8 37. Bc5 a5 38. Ke4 h5 39. Be8 Bb1+
40. Kd4 h4 41. Bh5 Bf5 42. Bf3 g4 43. Bh1 Kg6 44. c4 Kg5 45. Ba3 g3 46. fxg3
hxg3 47. c5 Bh3 48. c6 g2 49. Bxg2 Bxg2 50. Bd6 a4 51. c7 Bxc7 52. Bxc7 a3 53.
Kc3 Bxd5 54. Bd6 a2 55. Kb2 f5 56. Be5 f4 57. Bxf4+ {#d} 1/2-1/2

[Event "Thursday Knighter VIII: PREMIER"]
[Site "Minneapolis, MN"]
[Date "2018.08.09"]
[Round "2.1"]
[White "Diaz, Carlos"]
[Black "Newhall, Peter"]
[Result "1-0"]
[WhiteElo "2086"]
[BlackElo "1067"]

1. e4 c5 2. Nf3 g6 3. d4 cxd4 4. Nxd4 Nc6 5. Nc3 Bg7 6. Be3 Nf6 7. Bc4 O-O 8.
Bb3 a6 9. f3 Qc7 10. Qd2 b5 11. O-O-O Bb7 12. h4 h5 13. g4 e6 14. gxh5 Nxh5
15. Nce2 Rac8 16. Nxc6 Bxc6 17. Nf4 Qe5 18. Nd3 Qf6 19. Qf2 a5 20. c3 Qd8 21.
Bb6 Qf6 22. Bxa5 Nf4 23. Bb6 Nxd3+ 24. Rxd3 Bxe4 25. fxe4 Qe5 26. Re1 b4 27.
Bd4 Bh6+ 28. Kb1 Qb5 29. c4 Qh5 30. Qf6 {#r} 1-0

[Event "Thursday Knighter VIII: PREMIER"]
[Site "Minneapolis, MN"]
[Date "2018.08.09"]
[Round "2.2"]
[White "Gibbins, Wilson"]
[Black "Wasserman, Eddie"]
[Result "1-0"]
[WhiteElo "1018"]
[BlackElo "1928"]

1. Nf3 d5 2. d4 Nf6 3. c4 e6 4. Nc3 dxc4 5. e3 a6 6. Bxc4 b5 7. Bb3 Bb7 8. O-O
Nbd7 9. Re1 c5 10. a3 Be7 11. Bc2 O-O 12. e4 cxd4 13. Nxd4 Qc7 14. Qe2 Nc5 15.
f3 Qe5 16. Be3 Qh5 17. Bf2 g6 18. Rac1 e5 19. Nb3 Ne6 20. g3 Ng5 21. Kg2 Bc8
22. Be3 Bh3+ 23. Kf2 Be6 24. h4 Nh3+ 25. Kg2 Nd7 26. Rh1 Bxh4 27. g4 {#r} 1-0

[Event "Thursday Knighter VIII: PREMIER"]
[Site "Minneapolis, MN"]
[Date "2018.08.09"]
[Round "2.3"]
[White "Wisniewski, Vincent"]
[Black "Hoover, Nathan"]
[Result "0-1"]
[WhiteElo "1432"]
[BlackElo "1979"]

1. d4 Nf6 2. c4 g6 3. Nc3 d5 4. cxd5 Nxd5 5. e4 Nxc3 6. bxc3 Bg7 7. Bc4 c5 8.
Ne2 Nc6 9. Be3 O-O 10. O-O cxd4 11. cxd4 Bg4 12. f3 Na5 13. Bd5 Bd7 14. Bd2
Bb5 15. Bxa5 Qxa5 16. Rf2 e6 17. Bb3 Rad8 18. Qe1 Qa6 19. Kh1 Rd7 20. Rd1 Rfd8
21. d5 Bc4 22. Nf4 g5 23. Bxc4 Qxc4 24. Rc1 Qa4 25. Nh5 exd5 26. e5 d4 27. Rd2
d3 28. Qe3 h6 29. Nxg7 Kxg7 30. h3 Qd4 31. Qxd4 Rxd4 32. Rc3 b5 33. Kg1 b4 34.
Rc7 R8d7 35. Rxd7 Rxd7 36. Kf2 Rd5 37. Ke3 Rxe5+ 38. Kxd3 Rd5+ 39. Kc2 Rxd2+
40. Kxd2 Kf6 41. Kd3 Ke5 42. Kc4 Kf4 43. Kxb4 Kg3 44. Ka5 Kxg2 45. Ka6 Kxh3
46. Kxa7 h5 47. a4 g4 48. fxg4 hxg4 49. a5 g3 50. a6 g2 51. Kb8 g1=Q 52. a7
Qg8+ 53. Kb7 f5 {#R} 0-1

[Event "Thursday Knighter VIII: PREMIER"]
[Site "Minneapolis, MN"]
[Date "2018.08.09"]
[Round "2.4"]
[White "Boardman, Larry"]
[Black "Timm, Jordan"]
[Result "1-0"]
[WhiteElo "1909"]
[BlackElo "1902"]

1. e4 c6 2. d4 d5 3. Nc3 dxe4 4. Nxe4 Nf6 5. Nxf6+ gxf6 6. Qd3 Bg4 7. Bd2 Bh5
8. Be2 Bg6 9. Qc3 Nd7 10. O-O-O Bg7 11. Bf3 e5 12. Re1 O-O 13. h4 Qb6 14. Be3
exd4 15. Bxd4 c5 16. Be3 h5 17. Nh3 f5 18. Qb3 Qxb3 19. axb3 c4 20. bxc4 Rac8
21. Nf4 Rxc4 22. Nxg6 fxg6 23. Bd5+ {#r} 1-0

[Event "Thursday Knighter VIII: OPEN"]
[Site "Minneapolis, MN"]
[Date "2018.08.09"]
[Round "2.6"]
[White "Juntunen, Steven"]
[Black "Hale, Roger"]
[Result "0-1"]
[WhiteElo "2133"]
[BlackElo "1979"]

1. e4 e6 2. d4 d5 3. exd5 exd5 4. Nf3 Nf6 5. Bd3 Bd6 6. O-O O-O 7. Re1 Nc6 8.
c3 h6 9. Qc2 Re8 10. Kf1 Bg4 11. Nbd2 Rxe1+ 12. Kxe1 Qe7+ 13. Kf1 Re8 14. h3
Bh5 15. g4 Bg6 16. Bxg6 fxg6 17. Kg2 Ne4 18. Nxe4 dxe4 19. Ng1 Qh4 20. Be3 Kh7
21. Ne2 Qf6 22. Ng1 Bf4 23. Re1 Bxe3 24. Rxe3 Qe6 25. Ne2 Qxa2 26. Ng3 Qc4 27.
Nxe4 Nxd4 28. Qd3 Qxd3 29. Rxd3 Nc2 30. Rd2 Rxe4 31. Rxc2 Re6 32. Rd2 Re7 33.
f4 Kg8 34. Kf3 Kf8 35. Rd8+ Re8 36. Rxe8+ Kxe8 37. Ke4 Kd7 38. f5 gxf5+ 39.
Kxf5 Ke7 40. Ke5 c6 41. h4 g6 42. b4 b6 43. c4 a6 44. Kd4 a5 45. bxa5 bxa5
{#R} 0-1

[Event "Thursday Knighter VIII: PREMIER"]
[Site "Minneapolis, MN"]
[Date "2018.08.16"]
[Round "3.1"]
[White "Diaz, Carlos"]
[Black "Britt, Thomas"]
[Result "1/2-1/2"]
[WhiteElo "2086"]
[BlackElo "1460"]

1. e4 c5 2. Nf3 d6 3. d4 cxd4 4. Nxd4 Nf6 5. Nc3 a6 6. f4 Qc7 7. Bd3 g6 8. f5
Bg7 9. Be3 Nbd7 10. O-O b5 11. Nd5 Nxd5 12. exd5 Nf6 13. Qf3 Bb7 14. fxg6 hxg6
15. Bxg6 Bxd5 16. Bxf7+ Bxf7 17. Qxa8+ Kd7 18. Qxa6 Bc4 19. Nf5 Nd5 20. Qa3
Be5 21. g3 Bxf1 22. Rxf1 Qxc2 23. Rf2 Qb1+ 24. Kg2 Qe4+ 25. Kg1 Qb1+ 26. Kg2
Qe4+ 27. Kg1 {#d} 1/2-1/2

[Event "Thursday Knighter VIII: PREMIER"]
[Site "Minneapolis, MN"]
[Date "2018.08.16"]
[Round "3.2"]
[White "Hoover, Nathan"]
[Black "Gibbins, Wilson"]
[Result "0-1"]
[WhiteElo "1979"]
[BlackElo "1018"]

1. e4 c5 2. Nf3 e6 3. d4 cxd4 4. Nxd4 a6 5. Nc3 Qc7 6. Be2 Nf6 7. O-O Be7 8.
f4 d6 9. Be3 O-O 10. Qe1 b5 11. Bf3 Bb7 12. f5 e5 13. Nb3 Nbd7 14. g4 b4 15.
Na4 d5 16. g5 Nxe4 17. Bxe4 dxe4 18. f6 Bd6 19. Rd1 a5 20. Qd2 Ra6 21. c4 bxc3
22. Nxc3 Bc5 23. Nxc5 Nxc5 24. Nd5 Bxd5 25. Qxd5 Ne6 26. Qxe4 Rc6 27. Rd5 Rc4
28. Qxe5 Rg4+ 29. Kf2 Qc2+ 30. Rd2 Qg6 31. Rg1 Re4 32. Qg3 Re8 33. Rc1 Qf5+
34. Qf3 Nf4 35. Rc3 h6 36. Rd4 Nh3+ 37. Kg2 Qxf3+ 38. Kxf3 Nxg5+ 39. Bxg5 Rxd4
40. Be3 Rh4 41. Kg3 Rhe4 42. Kf3 g5 43. Bb6 a4 44. Bc5 {#R} 0-1

[Event "Thursday Knighter VIII: PREMIER"]
[Site "Minneapolis, MN"]
[Date "2018.08.16"]
[Round "3.3"]
[White "Newhall, Peter"]
[Black "Boardman, Larry"]
[Result "1-0"]
[WhiteElo "1067"]
[BlackElo "1909"]

1. d4 d5 2. Nf3 Nf6 3. e3 c5 4. c3 e6 5. Bd3 Nc6 6. Nbd2 Bd6 7. O-O O-O 8. Qe2
e5 9. dxc5 Bxc5 10. e4 Re8 11. exd5 Qxd5 12. Bc4 Qd6 13. Ng5 Nd8 14. Rd1 Be6
15. Bb5 Re7 16. Nde4 Qb6 17. Nxf6+ gxf6 18. Ne4 Bf5 19. Nxc5 Qxc5 20. Be3 Qc7
21. Qf3 Qc8 22. Bh6 Qe6 23. Qg3+ Bg6 24. h4 Qf5 25. Be2 Kh8 26. h5 Ne6 27.
hxg6 Rg8 28. g7+ Nxg7 29. Bxg7+ {#r} 1-0

[Event "Thursday Knighter VIII: PREMIER"]
[Site "Minneapolis, MN"]
[Date "2018.08.16"]
[Round "3.4"]
[White "Voje, Daniel"]
[Black "Buyukdag, Yusuf"]
[Result "1-0"]
[WhiteElo "1638"]
[BlackElo "1102"]

1. e4 c5 2. Nf3 Nc6 3. Bb5 e6 4. Bxc6 bxc6 5. O-O d5 6. Qe2 Nf6 7. Nc3 Be7 8.
b3 O-O 9. d3 Ba6 10. Nd2 Qb6 11. Kh1 Qb4 12. Bb2 Rad8 13. f4 dxe4 14. Ncxe4
Nd5 15. a4 Qb8 16. Qf2 Bb7 17. Nc4 f6 18. Ba3 Nb4 19. Na5 Rd5 20. Qe2 e5 21.
Rf3 exf4 22. c3 Na6 23. c4 Rd7 24. Bb2 Rfd8 25. Rh3 f3 26. Rxf3 Nb4 27. Nxf6+
Bxf6 28. Qe6+ Rf7 29. Bxf6 Re8 30. Qxf7+ Kxf7 31. Be5+ Kg8 32. Bxb8 Rxb8 33.
Re1 Nc2 34. Re7 Ba8 35. Rff7 Rd8 36. Rxg7+ Kf8 37. Ref7+ {#r} 1-0

[Event "Thursday Knighter VIII: PREMIER"]
[Site "Minneapolis, MN"]
[Date "2018.08.16"]
[Round "3.5"]
[White "Timm, Jordan"]
[Black "Wasserman, Eddie"]
[Result "0-1"]
[WhiteElo "1902"]
[BlackElo "1928"]

1. e4 c6 2. d4 d5 3. exd5 cxd5 4. Bd3 Nc6 5. c3 Nf6 6. Bf4 Bg4 7. f3 Bh5 8.
Qb3 Qd7 9. Ne2 e6 10. Nd2 Bg6 11. Bb5 Rc8 12. O-O Bd6 13. Bxc6 bxc6 14. Bxd6
Qxd6 15. Qb7 Qb8 16. Qxb8 Rxb8 17. Nb3 Nd7 18. Rfc1 O-O 19. Nf4 Rfc8 20. Nxg6
hxg6 21. Rab1 c5 22. Kf2 c4 23. Nd2 Rb7 24. Ke3 a5 25. b3 cxb3 26. Rxb3 Rxb3
27. axb3 Nb6 28. c4 dxc4 29. bxc4 Kf8 30. Kd3 a4 31. Rb1 Nd7 32. Ne4 Rb8 33.
Rxb8+ Nxb8 34. Nd2 Ke7 35. Kc3 Nc6 36. h3 a3 37. Nb3 Kd6 38. Kc2 e5 39. d5
Nd4+ 40. Kc3 a2 41. Na1 Kc5 42. Kd3 f5 43. h4 e4+ 44. fxe4 fxe4+ 45. Kxe4 Kxc4
46. d6 Nc6 47. d7 Kc3 48. Kd5 Nd8 49. Kd6 Kb2 50. Ke7 Nb7 51. d8=Q Nxd8 52.
Kxd8 Kxa1 53. Ke8 Kb1 54. Kf7 a1=Q 55. Kxg6 Qf6+ 56. Kh5 Qf5# 0-1

[Event "Thursday Knighter VIII: PREMIER"]
[Site "Minneapolis, MN"]
[Date "2018.08.16"]
[Round "3.6"]
[White "Friscoe, Lou"]
[Black "Mulligan, Toma"]
[Result "0-1"]
[WhiteElo "1700"]
[BlackElo "2008"]

1. e4 c5 2. d4 cxd4 3. c3 d5 4. exd5 Qxd5 5. Nf3 Nf6 6. Nxd4 Bd7 7. c4 Qe4+ 8.
Be3 e5 9. Nd2 Bb4 10. N4f3 Qf5 11. a3 Bxd2+ 12. Qxd2 O-O 13. Bd3 e4 14. Nd4
Qg6 15. Bf1 Nc6 16. Ne2 Rad8 17. Nf4 Qf5 18. Be2 Bc8 19. Qc3 h5 20. h3 Rfe8
21. g3 Ne5 22. Rd1 Rxd1+ 23. Kxd1 Nf3 24. Kc2 Qd7 25. Rd1 Qc6 26. b4 Bf5 27.
Kb2 Rc8 28. Nd5 Nxd5 29. Rxd5 Qg6 30. c5 Be6 31. Rd6 Qf5 32. Bf4 Ng1 33. Bd1
Nxh3 34. Qe3 g5 35. Rxe6 fxe6 36. Bd6 Qxf2+ 37. Qxf2 Nxf2 38. Bxh5 Kg7 39. Kc3
Kf6 40. Kd4 Kf5 41. Be2 e5+ 42. Kd5 Re8 43. b5 Ng4 44. Bxg4+ Kxg4 45. Kxe4
Kxg3 46. Bxe5+ Kg4 47. Kd5 Kf5 48. Bc7 Rc8 49. Kd6 g4 50. Kd7 Rxc7+ 51. Kxc7
g3 52. Kxb7 g2 53. c6 g1=Q 54. c7 Qb6+ 55. Kc8 Ke6 56. Kd8 Kd6 {#R} 0-1

[Event "Thursday Knighter VIII: OPEN"]
[Site "Minneapolis, MN"]
[Date "2018.08.16"]
[Round "3.7"]
[White "Juntunen, Steven"]
[Black "Heinisch, Michael"]
[Result "1-0"]
[WhiteElo "2133"]
[BlackElo "1300"]

1. e4 e5 2. Nf3 Nc6 3. Bb5 Nd4 4. Bc4 Bc5 5. c3 Nxf3+ 6. Qxf3 Qe7 7. d3 d6 8.
O-O Nf6 9. Be3 Bg4 10. Qg3 h5 11. h3 h4 12. Qh2 Bd7 13. Bxc5 dxc5 14. f4 b5
15. Bb3 c4 16. fxe5 Nh5 17. dxc4 Ng3 18. Rf2 Nxe4 19. Qf4 Nxf2 20. Qxf2 bxc4
21. Bxc4 Rh5 22. Nd2 Rxe5 23. Nf3 Re3 24. Nxh4 Re4 25. Bd5 Re2 26. Qf3 Rb8 27.
Bxf7+ Kd8 28. Ng6 Qc5+ 29. Kf1 Bb5 30. c4 Bxc4 31. Bxc4 Qxc4 32. Qxe2 Qf7+ 33.
Qf2 Qxg6 34. Qf8+ Qe8 35. Rd1+ {#r} 1-0